Nghiên cứu tổng hợp nano oxit sắt từ Fe3O4 bằng tác nhân khử dịch chiết nước rong nâu

Đánh giá khả năng tổng hợp nano oxit sắt từ bằng tác nhân khử là dịch chiết nước rong nâu. Thử tác dụng kháng khuẩn của hạt nano oxit sắt từ tổng hợp được để ứng dụng làm chất kháng khuẩn.

Đã lưu trong:
書目詳細資料
主要作者: Trần Thị Quỳnh Trang
其他作者: Lê Tự Hải PGS.TS. (Hướng dẫn)
格式: 圖書
語言:Vietnamese
出版: Đà Nẵng Trường Đại học sư phạm Đà Nẵng 2017
主題:
標簽: 添加標簽
沒有標簽, 成為第一個標記此記錄!
Thư viện lưu trữ: Mạng thư viện Đại học Đà Nẵng
LEADER 01912nam a2200373 4500
001 000025241
003 21734
005 20170911100952.0
008 170911s2017 viesd
041 |a vie 
082 1 4 |a 615.329887  |b TR-T 
100 1 |a Trần Thị Quỳnh Trang 
245 1 |a Nghiên cứu tổng hợp nano oxit sắt từ Fe3O4 bằng tác nhân khử dịch chiết nước rong nâu  |c Trần Thị Quỳnh Trang ; Lê Tự Hải hướng dẫn.  |k Luận văn Thạc sĩ 
260 |a Đà Nẵng  |b Trường Đại học sư phạm Đà Nẵng  |c 2017 
300 |a 64 tr., phụ lục 7 tr.  |b hình mh.  |c 29 cm.  |e Tóm tắt 
500 |a Luận văn thạc sĩ Khoa học. Chuyên ngành: Hóa hữu cơ. Mã số: 60.44.01.14 
520 3 |a Đánh giá khả năng tổng hợp nano oxit sắt từ bằng tác nhân khử là dịch chiết nước rong nâu. Thử tác dụng kháng khuẩn của hạt nano oxit sắt từ tổng hợp được để ứng dụng làm chất kháng khuẩn. 
650 0 4 |a Rong nâu (tảo biển)  |v Luận văn tốt nghiệp  |x Ứng dụng làm chất kháng khuẩn trong y học 
650 0 4 |a Nano oxit sắt từ  |v Luận văn tốt nghiệp  |x Nghiên cứu tổng hợp 
653 |a Nano oxit sắt từ 
653 |a Rong nâu (tảo biển) 
653 |a Chất kháng khuẩn 
653 |a Hóa hữu cơ 
700 1 |a Lê Tự Hải  |c PGS.TS.  |e Hướng dẫn 
OWN |a LSP 
AVA |a UDN50  |b LSP  |d 615.329887 TR-T  |e available  |t Error 5001 Not defined in file expand_doc_bib_avail.  |f 1  |g 0  |h N  |i 0  |k 1 
999 |a From the UDN01 
AVA |a UDN50  |b LSP  |d 615.329887 TR-T  |e available  |t Error 5001 Not defined in file expand_doc_bib_avail.  |f 1  |g 0  |h N  |i 0  |k 1 
TYP |a Monograph 
TYP |a Printed language 
980 |a Mạng thư viện Đại học Đà Nẵng